The seven last words of Christ. (Record no. 7563)

000 -LEADER
fixed length control field 00641nam a2200205 a 4500
001 - CONTROL NUMBER
control field :::00005324$&:&@@
003 - CONTROL NUMBER IDENTIFIER
control field OkBaRHE
005 - DATE AND TIME OF LATEST TRANSACTION
control field 20000607103325.0
008 - FIXED-LENGTH DATA ELEMENTS--GENERAL INFORMATION
fixed length control field s1969 j 000 0 eng u
040 ## - CATALOGING SOURCE
Transcribing agency
100 1# - MAIN ENTRY--PERSONAL NAME
Personal name Bininger, Clem E.
245 14 - TITLE STATEMENT
Title The seven last words of Christ.
260 ## - PUBLICATION, DISTRIBUTION, ETC. (IMPRINT)
Place of publication, distribution, etc Grand Rapids, MI., :
Name of publisher, distributor, etc Baker Book House
Date of publication, distribution, etc c1969
300 ## - PHYSICAL DESCRIPTION
Extent 109 p. ;
Dimensions 21 cm.
650 ## - SUBJECT ADDED ENTRY--TOPICAL TERM
Topical term or geographic name as entry element Jesus Christ
General subdivision Seven Last Words
-- Sermons
650 ## - SUBJECT ADDED ENTRY--TOPICAL TERM
Topical term or geographic name as entry element Presbyterian Church
General subdivision Sermons
650 ## - SUBJECT ADDED ENTRY--TOPICAL TERM
Topical term or geographic name as entry element Sermons, American
942 ## - ADDED ENTRY ELEMENTS (KOHA)
Source of classification or shelving scheme
Koha item type Books
Copies
Barcode Copy number Source of classification or shelving scheme Damaged status Price effective from Not for loan Date last seen Withdrawn status Permanent Location Full call number Lost status Koha item type Shelving location Date acquired
53241  2010-04-14 2010-04-14 RHEMA Bible Training CollegeBT 456 .B55 BooksGeneral Stacks2010-04-14